| 000 | 00695nam a2200217 i 4500 | ||
|---|---|---|---|
| 001 | 95377 | ||
| 003 | ES-MaACL | ||
| 005 | 20230906181707.0 | ||
| 007 | t| | ||
| 008 | 050527s1981 sp a |||| | gao d | ||
| 080 | _a728.067.26(461.115 Ons) | ||
| 100 | 1 |
_aLlano, Pedro de. _972697 |
|
| 245 | 1 | 0 |
_aOns, a arquitectura dunha comunidade desaparecida / _cPedro de Llano. |
| 260 |
_aA Coruña : _bDo Castro, _c1981. |
||
| 300 |
_a65 p. : _bil. ; _c24 cm. |
||
| 490 | 1 |
_aCuadernos do Seminario de Sargadelos ; _v39 |
|
| 650 | 4 |
_aArquitectura popular- _zGalicia. _9157611 |
|
| 830 | 0 |
_aCuadernos do Seminario de Sargadelos ; _v39 _9184361 |
|
| 852 |
_aES-MaACL _jL-1951 |
||
| 999 |
_c95377 _d95377 |
||